NCIS. The eighteenth season / CBS Studios ; ... Read More
Available copies
- 2 of 3 copies available at LARL/NWRL Consortium.
- 0 of 1 copy available at Lake Agassiz Regional Library. (Show preferred library)
Current holds
0 current holds with 3 total copies.
Show Only Available Copies
| Location | Call Number / Copy Notes | Barcode | Shelving Location | Status | Due Date |
|---|---|---|---|---|---|
| Moorhead Public Library | DVD NCI (Text) | 33500013468848 | Main | Checked out | 07/20/2026 |
| Grygla LINK Site | DVD NCI (Text) | 35500006383002 | Main | Available | - |
| Karlstad LINK Site | DVD NCI (Text) | 35500006355778 | Main | Available | - |
Record details
- Physical Description: 4 videodiscs (approximately 686 min.) : sound, ... Read More
- Publisher: Los Angeles, CA : Paramount Home Media Distribution, [2021]
- Copyright: ©2021
Content descriptions
| General Note: | Title from container. Originally broadcast as single episodes of a television program in 2020-2021. Wide screen (16:9). Special features: Until we meet again ; 400: a league of its own ; Season 18: a year to remember ; ... Read More |
| Formatted Contents Note: | (Disc 1). Sturgeon season -- Everything starts ... Read More |
| Creation/Production Credits Note: | Writers include Donald P. Bellisario ; directors ... Read More |
| Participant or Performer Note: | Mark Harmon, David McCallum, Sean Murray, Rocky ... Read More |
| Summary, etc.: | NCIS (Naval Criminal Investigative Service) is ... Read More |
| Target Audience Note: | Not rated. |
| System Details Note: | DVD, wide screen presentation; 5.1 Dolby digital, ... Read More |
| Language Note: | Subtitled for the deaf and hard of hearing (SDH). |
Search for related items by subject
Search for related items by series
| LDR | 06720cgm a2201009 i 4500 | ||
|---|---|---|---|
| 001 | 376052 | ||
| 003 | LARL_NWRL_CONSORTIUM | ||
| 005 | 20211006154506.0 | ||
| 008 | 210623t20212021cau686 g vleng d | ||
| 007 | vd cvaizk | ||
| 040 | . | ‡aTEFMT ‡beng ‡erda ‡cTEFMT ‡dOCLCO ‡dTEF ‡dOCLCO ‡dOCLCF ‡dIZ8 ‡dTH8 ‡dJAS ‡dHBP ‡dINO ‡dPBJ ‡dOCLCO ‡dJBL ‡dVP@ ‡dUOK | |
| 024 | 1 | . | ‡a191329200735 |
| 028 | 4 | 2. | ‡a3000086375 ‡bParamount ‡q(container) |
| 028 | 4 | 1. | ‡aSDS1000802898 ‡bCBS DVD |
| 035 | . | ‡a(OCoLC)1257429483 | |
| 041 | 1 | . | ‡aeng ‡peng ‡heng |
| 046 | . | ‡k2020 ‡l2021 ‡2edtf | |
| 082 | 0 | 4. | ‡a791.45/75 ‡223 |
| 130 | 0 | . | ‡aNCIS, Naval Criminal Investigative Service (Television program). ‡nSeason 18. |
| 245 | 1 | 0. | ‡aNCIS. ‡pThe eighteenth season / ‡cCBS Studios ; created by Donald P. Bellisario & Don McGill. |
| 246 | 3 | . | ‡aNCIS, Naval Criminal Investigative Service. ‡pThe eighteenth season |
| 246 | 3 | . | ‡aNCIS, Naval Criminal Investigative Service. ‡pSeason 18 |
| 246 | 3 | . | ‡aNCIS, Naval Criminal Investigative Service. ‡pSeason eighteen |
| 257 | . | ‡aUnited States ‡2naf | |
| 264 | 1. | ‡aLos Angeles, CA : ‡bParamount Home Media Distribution, ‡c[2021] | |
| 264 | 4. | ‡c©2021 | |
| 264 | 1. | ‡aStudio City, CA: ‡bCBS Studio Inc., ‡c[2021] | |
| 300 | . | ‡a4 videodiscs (approximately 686 min.) : ‡bsound, color ; ‡c4 3/4 in. | |
| 336 | . | ‡atwo-dimensional moving image ‡btdi ‡2rdacontent | |
| 337 | . | ‡avideo ‡bv ‡2rdamedia | |
| 338 | . | ‡avideodisc ‡bvd ‡2rdacarrier | |
| 344 | . | ‡adigital ‡2rdatr | |
| 344 | . | ‡boptical ‡2rdarm | |
| 344 | . | ‡gsurround ‡gstereo ‡2rdacpc | |
| 344 | . | ‡hDolby digital 5.1 ‡hDolby digital 2.0 | |
| 346 | . | ‡bNTSC ‡2rdabs | |
| 347 | . | ‡avideo file ‡2rdaft | |
| 347 | . | ‡bDVD video | |
| 347 | . | ‡eregion 1 ‡2rdaree | |
| 380 | . | ‡aTelevision programs ‡2lcgft | |
| 490 | 0 | . | ‡aNCIS ; ‡vSeason 18 |
| 538 | . | ‡aDVD, wide screen presentation; 5.1 Dolby digital, 2.0 Dolby digital ; region 1, NTSC. | |
| 546 | . | ‡aSubtitled for the deaf and hard of hearing (SDH). | |
| 500 | . | ‡aTitle from container. | |
| 511 | 1 | . | ‡aMark Harmon, David McCallum, Sean Murray, Rocky Carroll, Brian Dietzen, Emily Wickersham, Wilmer Valderrama, Maria Bello, Diona Reasonover. |
| 508 | . | ‡aWriters include Donald P. Bellisario ; directors include Dennis Smith ; production designer, Robert J. Bacon. | |
| 505 | 0 | 0. | ‡g(Disc 1). ‡tSturgeon season -- ‡tEverything starts somewhere -- ‡tBlood and treasure -- ‡g(Disc 2). ‡tSunburn -- ‡tHead of the snake -- ‡t1mm -- ‡tThe first day -- ‡tTrue believer -- ‡g(Disc 3). ‡tWinter chill -- ‡tWatch dog -- ‡tGut punch -- ‡tSangre -- ‡tMisconduct -- ‡g(Disc 4), ‡tUnseen improvements -- ‡tBlown away -- ‡tRule 91. |
| 500 | . | ‡aOriginally broadcast as single episodes of a television program in 2020-2021. | |
| 500 | . | ‡aWide screen (16:9). | |
| 500 | . | ‡aSpecial features: Until we meet again ; 400: a league of its own ; Season 18: a year to remember ; Grab your gear and wash your hands ; audio & video commentary. | |
| 521 | 8 | . | ‡aNot rated. |
| 520 | . | ‡aNCIS (Naval Criminal Investigative Service) is more than just an action drama. With liberal doses of humor, it's a show that focuses on the sometimes complex and always amusing dynamics of a team forced to work together in high-stress situations. NCIS Special Agent Leroy Jethro Gibbs, a former Marine gunnery sergeant whose skills as an investigator are unmatched, leads this troupe of colorful personalities. Gibbs, a man of few words, only needs a look to explain it all. The team includes NCIS Special Agent Timothy McGee, an MIT graduate with a brilliance for computers; NCIS Special Agent Eleanor "Ellie" Bishop, a mysterious mixture of analytic brilliance, fierce determination, and idealism who specializes in international threat assessment and global preparation; the charismatic, unpredictable and resilient NCIS Special Agent Nicholas "Nick" Torres, who has spent most of his career on solo undercover assignments; and NCIS Special Agent Jacqueline "Jack" Sloane, who built her reputation as the agency's premier forensic psychologist and enjoys challenging Gibbs. Assisting the team as the NCIS Historian is retired medical examiner Dr. Donald "Ducky" Mallard, who knows it all because he's seen it all; Ducky's protegée the naive Jimmy Palmer, who graduated from assistant to fully licensed medical examiner and now runs the morgue and Forensic Scientist Kasie Hines, Ducky's graduate assistant who impressed Gibbs with her keen forensic skills during a critical time for the team. Overseeing operations is NCIS Director Leon Vance, an intelligent, highly trained agent who can always be counted on to shake up the status quo. From murder and espionage to terrorism and stolen submarines, these special agents investigate all crimes with Navy or Marine Corps ties. | |
| 610 | 1 | 0. | ‡aUnited States. ‡bNaval Criminal Investigative Service ‡vDrama. |
| 650 | 0. | ‡aUndercover operations ‡zUnited States ‡vDrama. | |
| 650 | 0. | ‡aCriminal investigation ‡zUnited States ‡vDrama. | |
| 610 | 1 | 7. | ‡aUnited States. ‡bNaval Criminal Investigative Service. ‡2fast ‡0(LARL_NWRL_CONSORTIUM)156429 |
| 650 | 7. | ‡aCriminal investigation. ‡2fast ‡0(LARL_NWRL_CONSORTIUM)18015 | |
| 650 | 7. | ‡aUndercover operations. ‡2fast ‡0(LARL_NWRL_CONSORTIUM)33202 | |
| 651 | 7. | ‡aUnited States. ‡2fast ‡0(LARL_NWRL_CONSORTIUM)54625 | |
| 655 | 7. | ‡aAction and adventure television programs. ‡2fast ‡0(LARL_NWRL_CONSORTIUM)175838 | |
| 655 | 7. | ‡aDrama. ‡2fast | |
| 655 | 7. | ‡aTelevision crime shows. ‡2fast ‡0(LARL_NWRL_CONSORTIUM)175791 | |
| 655 | 7. | ‡aTelevision programs. ‡2fast ‡0(LARL_NWRL_CONSORTIUM)175822 | |
| 655 | 7. | ‡aTelevision series. ‡2fast ‡0(LARL_NWRL_CONSORTIUM)175797 | |
| 655 | 7. | ‡aVideo recordings for the hearing impaired. ‡2fast ‡0(LARL_NWRL_CONSORTIUM)175744 | |
| 655 | 7. | ‡aAction and adventure television programs. ‡2lcgft ‡0(LARL_NWRL_CONSORTIUM)175838 | |
| 655 | 7. | ‡aTelevision crime shows. ‡2lcgft ‡0(LARL_NWRL_CONSORTIUM)175791 | |
| 655 | 7. | ‡aDetective and mystery television programs. ‡2lcgft ‡0(LARL_NWRL_CONSORTIUM)175785 | |
| 655 | 7. | ‡aForensic crime dramas (Television programs) ‡2lcgft | |
| 655 | 7. | ‡aFiction television programs. ‡2lcgft ‡0(LARL_NWRL_CONSORTIUM)175627 | |
| 655 | 7. | ‡aTelevision series. ‡2lcgft ‡0(LARL_NWRL_CONSORTIUM)175797 | |
| 655 | 7. | ‡aVideo recordings for the hearing impaired. ‡2lcgft ‡0(LARL_NWRL_CONSORTIUM)175744 | |
| 700 | 1 | . | ‡aBellisario, Donald P., ‡ecreator. ‡0(LARL_NWRL_CONSORTIUM)181843 |
| 700 | 1 | . | ‡aMcGill, Don, ‡ecreator. |
| 700 | 1 | . | ‡aHarmon, Mark, ‡d1951- ‡eactor. ‡0(LARL_NWRL_CONSORTIUM)141493 |
| 700 | 1 | . | ‡aMcCallum, David, ‡d1933- ‡eactor. ‡0(LARL_NWRL_CONSORTIUM)69447 |
| 700 | 1 | . | ‡aMurray, Sean, ‡d1977- ‡eactor. ‡0(LARL_NWRL_CONSORTIUM)205831 |
| 700 | 1 | . | ‡aCarroll, Rocky, ‡eactor. ‡0(LARL_NWRL_CONSORTIUM)211196 |
| 700 | 1 | . | ‡aDietzen, Brian, ‡eactor. |
| 700 | 1 | . | ‡aWickersham, Emily, ‡d1984- ‡eactor. |
| 700 | 1 | . | ‡aValderrama, Wilmer, ‡d1980- ‡eactor. ‡0(LARL_NWRL_CONSORTIUM)209108 |
| 700 | 1 | . | ‡aBello, Maria, ‡d1967- ‡eactor. ‡0(LARL_NWRL_CONSORTIUM)206610 |
| 700 | 1 | . | ‡aReasonover, Diona, ‡d1992- ‡eactor. |
| 710 | 2 | . | ‡aCBS Studios Inc., ‡eproduction company. |
| 710 | 2 | . | ‡aParamount Home Media Distribution, ‡epublisher. |
| 901 | . | ‡a376052 ‡bOCoLC ‡c376052 ‡tbiblio ‡soclc | |

Add to basket
Permalink
Disable Highlighting